000 00890nam a2200265 a 4500
001 71891
003 BD-RjUL
005 20211209082157.0
008 170509s19681960maua b 001 0 eng d
035 _a(BD-RjUL)72107
040 _aDLC
_cDLC
_dBD-RjUL
_beng
041 _aeng
082 0 0 _a537.1
_223
_bFAE 1968
100 1 _aFano, Robert M.
_9212639
245 1 0 _aElectromagnetic Fields, Energy, And Forces /
_c[by] Robert M. Fano, Lan Jen Chu [and] Richard B. Adler.
260 _aCambridge, Mass. :
_bM.I.T. Press,
_cc1960 [Printing 1968]
300 _axv, 520 p. :
_bill. ;
_c24 cm.
504 _aIncludes bibliographies & Index.
650 0 _aElectromagnetic fields.
_9134705
650 0 _aElectrodynamics.
_9212640
700 1 _aChu, Lan Jen,
_d1913-
_ejoint author.
_9212641
700 1 _aAdler, Richard B.,
_ejoint author.
_9212642
942 _2ddc
_cBK
999 _c71891
_d71891